The ostrich / (Record no. 5571)

MARC details
000 -LEADER
fixed length control field 00944nam a22002777a 4500
001 - CONTROL NUMBER
control field 5571
003 - CONTROL NUMBER IDENTIFIER
control field FISKH
005 - DATE AND TIME OF LATEST TRANSACTION
control field 20241218122125.0
008 - FIXED-LENGTH DATA ELEMENTS--GENERAL INFORMATION
fixed length control field 241218b cb ||||| |||| 00| 0 eng d
040 ## - CATALOGING SOURCE
Original cataloging agency FISKH
Language of cataloging eng
Transcribing agency FISKH
Modifying agency FISKH
050 ## - LIBRARY OF CONGRESS CALL NUMBER
Classification number PZ7
082 ## - DEWEY DECIMAL CLASSIFICATION NUMBER
Classification number 598.52
100 ## - MAIN ENTRY--PERSONAL NAME
Personal name Watson, Sally
245 ## - TITLE STATEMENT
Title The ostrich /
Statement of responsibility, etc. by Sally Watson ; Illustrated by Don Burau
250 ## - EDITION STATEMENT
Edition statement This edition published in 1992
260 ## - PUBLICATION, DISTRIBUTION, ETC.
Place of publication, distribution, etc. Mundelein :
Name of publisher, distributor, etc. Career Publishing,
Date of publication, distribution, etc. 1979.
300 ## - PHYSICAL DESCRIPTION
Extent 32 pages :
Other physical details color illustrations ;
Dimensions 23 cm
505 ## - FORMATTED CONTENTS NOTE
Formatted contents note D<br/>
520 ## - SUMMARY, ETC.
Summary, etc. Two kids were discussing about Ostrich. Mark want to know about Ostrich keep asking Kathy questions. Later on both of them having fun with Ostrich by riding on him.
521 8# - TARGET AUDIENCE NOTE
Target audience note 380<br/><br/>
Source Lexile estimate <br/>
521 8# - TARGET AUDIENCE NOTE
Target audience note G<br/>
Source Raz-Plus<br/><br/>
650 ## - SUBJECT ADDED ENTRY--TOPICAL TERM
Topical term or geographic name entry element Ostrich
Form subdivision Discover
General subdivision Play
700 ## - ADDED ENTRY--PERSONAL NAME
Personal name Burau, Don
Relator term illustrator
942 ## - ADDED ENTRY ELEMENTS (KOHA)
Source of classification or shelving scheme Dewey Decimal Classification
Koha item type Books
Suppress in OPAC No
Holdings
Withdrawn status Lost status Source of classification or shelving scheme Damaged status Not for loan Collection Home library Current library Shelving location Date acquired Total Checkouts Full call number Barcode Date last seen Price effective from Koha item type
    Dewey Decimal Classification     Juvenile Fiction Footprints International School Library Network Toul Kork Campus Footprints International School Library Network Toul Kork Campus TK Primary Library Room(4th Floor), Bookcase 1&2, Shelves 1-16, Dark Blue Books 12/18/2024   WAT 598.52 PZ7 FISTKKB012 12/18/2024 12/18/2024 Books